LEADER 00844nam0-22002771i-450- 001 990007104070403321 005 20020708 035 $a000710407 035 $aFED01000710407 035 $a(Aleph)000710407FED01 035 $a000710407 100 $a20020708d1958----km-y0itay50------ba 101 0 $aeng 102 $aNL 105 $ay-------001yy 200 1 $a<>Cult of authority$ethe political philosophy of the Saint-simonians$ea chapter in the intellectual history of totalitarianism$fby George G. Iggers 210 $athe Hague$cMartinus Nijhoff$d1958 215 $a210 p.$d24 cm 700 1$aIggers,$bGeorg Gerson$f<1926- >$0120669 801 0$aIT$bUNINA$gRICA$2UNIMARC 901 $aBK 912 $a990007104070403321 952 $aXI C 59$b58160$fFGBC 959 $aFGBC 996 $aCult of authority$9705279 997 $aUNINA LEADER 01729oam 2200445Ia 450 001 9910702115903321 005 20130930154938.0 035 $a(CKB)5470000002424983 035 $a(OCoLC)227787626 035 $a(EXLCZ)995470000002424983 100 $a20080512d1992 ua 0 101 0 $aeng 135 $aur||||||||||| 181 $ctxt$2rdacontent 182 $cc$2rdamedia 183 $acr$2rdacarrier 200 13$aAn Evaluation of the usability of the MEPSS prototype decision support program for abdominal pain with two user populations$b[electronic resource] /$fby Elaine F. Chouinard 210 1$aGroton, CT :$cNaval Submarine Medical Research Laboratory,$d[1992] 215 $a1 online resource (51 pages) 225 1 $aNSMRL report ;$vno. 1180 300 $aTitle from title screen (viewed Oct. 3, 2012). 300 $a"20 August 92." 320 $aIncludes bibliographical references (pages 30-31). 606 $aAbdominal pain$xDiagnosis$xEvaluation 606 $aMedicine, Naval$xData processing$xEvaluation 606 $aUser-centered system design 615 0$aAbdominal pain$xDiagnosis$xEvaluation. 615 0$aMedicine, Naval$xData processing$xEvaluation. 615 0$aUser-centered system design. 700 $aChouinard$b Elaine F$01414706 712 02$aUnited States.$bNaval Medical Research and Development Command. 712 02$aNaval Submarine Medical Research Laboratory. 801 0$bDTICE 801 1$bDTICE 801 2$bOCLCQ 801 2$bGPO 906 $aBOOK 912 $a9910702115903321 996 $aAn Evaluation of the usability of the MEPSS prototype decision support program for abdominal pain with two user populations$93548061 997 $aUNINA LEADER 00511nam 2200169z- 450 001 9910693647203321 035 $a(CKB)4970000000019378 035 $a(EXLCZ)994970000000019378 100 $a20240129c2002uuuu -u- - 101 0 $aeng 200 00$aCombating terrorism : actions needed to guide services' antiterrorism efforts at installations 210 $aWashington, D.C 517 $aCombating Terrorism 906 $aDOCUMENT 912 $a9910693647203321 996 $aCombating terrorism$93120756 997 $aUNINA